00313pab a2200121 454500008004000000100001500040245005300055260000900108300000900117362001200126650004200138773001100180180718b1989 xxu||||| |||| 00| 0 eng d aJani, B.M. aDecentralised desert area planning in Saurashtra c1989 a25-6 a16 Apr. aRegional Planning - India - Surashtra aYojana